Санскрито-русский словарь (Запись № 11537210)

Подробности
000 -МАРКЕР
контрольное поле 02070nam0a2200373 4500
001 - ИДЕНТИФИКАТОР ЗАПИСИ
контрольное поле RU\NLR\BIBL_A\011406930
005 - ИДЕНТИФИКАТОР ВЕРСИИ
контрольное поле 20250626061554.0
010 ## - МЕЖДУНАРОДНЫЙ СТАНДАРТНЫЙ НОМЕР КНИГИ (ISBN)
Номер (ISBN) 978-5-906564-23-8
Тираж 1000
021 ## - НОМЕР ГОСУДАРСТВЕННОЙ РЕГИСТРАЦИИ
Код страны Российская Федерация
Номер 2017-39336
Номер Листа государственной регистраци 2868
035 ## - ДРУГИЕ СИСТЕМНЫЕ НОМЕРА
Идентификатор записи (RuMoRGB)008900711
035 ## - ДРУГИЕ СИСТЕМНЫЕ НОМЕРА
Идентификатор записи (NLR Aleph) 011406930
100 ## - ДАННЫЕ ОБЩЕЙ ОБРАБОТКИ
Данные общей обработки 20170615e20171854|||y0rusy50 ca
101 1# - ЯЗЫК РЕСУРСА
Язык текста, звукозаписи и т.д. русский
-- санскрит
102 ## - СТРАНА ПУБЛИКАЦИИ ИЛИ ПРОИЗВОДСТВА
Страна публикации Российская Федерация
105 ## - ПОЛЕ КОДИРОВАННЫХ ДАННЫХ: ТЕКСТОВЫЕ МАТЕРИАЛЫ, МОНОГРАФИЧЕСКИЕ
Кодированные данные о монографическом текстовом документе c|||e|||000zy
200 1# - ЗАГЛАВИЕ И СВЕДЕНИЯ ОБ ОТВЕТСТВЕННОСТИ
Основное заглавие Санскрито-русский словарь
Сведения, относящиеся к заглавию [свыше 10000 слов]
Первые сведения об ответственности К.А. Коссович
Последующие сведения об ответственности Российская академия наук, Институт языкознания
205 ## - СВЕДЕНИЯ ОБ ИЗДАНИИ
Сведения об издании [3-е изд., пред. А.А. Вигасина, испр. и доп. М.Ю. Гасунса
Дополнительные сведения об издании репр. воспроизведение изд.]
210 ## - ПУБЛИКАЦИЯ, РАСПРОСТРАНЕНИЕ И ДР.
Место издания, распространения и т.д. Москва
Имя издателя, распространителя и т. д. АБВ
Дата издания, распространения и т.д. 2017
215 ## - ФИЗИЧЕСКАЯ ХАРАКТЕРИСТИКА
Специфическое обозначение материала и объем XV, [1], XIV, [1] с., 656 стб.
Другие сведения о физической характеристике портр.
Размеры 29
225 1# - СЕРИЯ
Основное заглавие серии Bibliotheca Sanscritica
Сведения об ответственности науч. ред.: к.филол.н. М.Ю. Гасунс
Обозначение тома Т. 10
300 ## - ОБЩИЕ ПРИМЕЧАНИЯ
Текст примечания На тит. л. ориг. изд. вых. дан.: Санкт-Петербург, в типографии Императорской академии наук, 1854
320 ## - ПРИМЕЧАНИЯ О НАЛИЧИИ В ДОКУМЕНТЕ БИБЛИОГРАФИИ / УКАЗАТЕЛЯ
Текст примечания Библиогр. в подстроч. примеч.
455 #0 - ОРИГИНАЛ, С КОТОРОГО СДЕЛАНА КОПИЯ
Встроенное поле 2001#$aСанскрито-русский словарь, составленный К.А. Коссовичем
-- 210##$aСанкт-Петербург$c2 Отд-ние Акад. наук$d1854-1856
Заглавие Санскрито-русский словарь, составленный К.А. Коссовичем
606 1# - НАИМЕНОВАНИЕ ТЕМЫ КАК ПРЕДМЕТ
Наименование темы Санскритский язык
Тематический подзаголовок Словари
-- Русский язык
Системный номер авторитетной/нормативной записи 2405649
Идентификатор авторитетной/нормативной записи RU\NLR\AUTH\661433694
686 ## - ИНДЕКСЫ ДРУГИХ КЛАССИФИКАЦИЙ
Индекс Ш153.12-48
Код системы
686 1# - ИНДЕКСЫ ДРУГИХ КЛАССИФИКАЦИЙ
Индекс Ш152.212-481
686 1# - ИНДЕКСЫ ДРУГИХ КЛАССИФИКАЦИЙ
Индекс Ш141.12-482
700 #1 - ИМЯ ЛИЦА - ПЕРВИЧНАЯ ОТВЕТСТВЕННОСТЬ
Графика поля Кириллица
Материалы, к которым относится поле rus
Начальный элемент ввода Коссович
Часть имени, кроме начального элемента ввода К. А.
Даты 1815-1883
Расширение инициалов личного имени Каэтан Андреевич
Системный номер авторитетной/нормативной записи 188245
Идентификатор авторитетной/нормативной записи RU\NLR\AUTH\770188296
942 ## - ДОПОЛНИТЕЛЬНЫЕ ЭЛЕМЕНТЫ ЗАПИСИ (АБИС)
Тип экземпляра АБИС Книга
980 ## - КОЛЛЕКЦИЯ
Название коллекции Национальная библиография
Экземпляры
Тип экземпляра Дата поступления Источник поступления Библиотека постоянного хранения Библиотека текущего хранения Место хранения Шифр хранения Штрих-код Статус экземпляра
Книга 15.06.2017 Обязательный экземпляр РНБ (Московский) РНБ (Московский) Фонд литературы на языках стран Азии и Африки ОЛСАА 1-1894763  
Книга 15.06.2017 Обязательный экземпляр РНБ (Московский) РНБ (Московский) Фонд литературы на языках стран Азии и Африки, подручный   1-1894759